[Event "Novosibirsk Region-ch sf"]
[Site "Novosibirsk"]
[Date "2010.10.24"]
[Round "9"]
[White "Vesnin, Vladimir"]
[Black "Popov, Eugeny Vladimirovic"]
[Result "1/2-1/2"]
[WhiteElo "1975"]
[BlackElo "1996"]
[PlyCount "123"]
[EventDate "2010.??.??"]
[EventType "swiss"]
[EventRounds "9"]
[EventCountry "RUS"]
[SourceTitle "EXT 2014"]
[Source "ChessBase"]
[SourceDate "2013.11.20"]
[SourceVersion "1"]
[SourceVersionDate "2013.11.20"]
[SourceQuality "1"]

1. e4 Nf6 2. e5 Nd5 3. c4 Nb6 4. d4 d6 5. exd6 cxd6 6. Bd3 g6 7. Be3 Bg7 8. Nc3 Nc6 9. Nge2 Bg4 10. f3 Bf5 11. b3 Bxd3 12. Qxd3 0-0 13. 0-0 d5 14. c5 Nc8 15. Rad1 e6 16. Qd2 N8e7 17. Bh6 Bxh6 18. Qxh6 Nf5 19. Qf4 g5 20. Qd2 f6 21. g4 Ng7 22. Nb5 Ne8 23. f4 a6 24. Nbc3 Qe7 25. fxg5 fxg5 26. Rxf8+ Kxf8 27. Ng3 Ng7 28. Re1 Qd8 29. a3 Kg8 30. Rf1 Qe7 31. b4 Rf8 32. Rxf8+ Kxf8 33. Qf2+ Qf7 34. Nge2 Qxf2+ 35. Kxf2 Ke7 36. Ke3 Ne8 37. b5 axb5 38. Nxb5 Na5 39. h3 Nc4+ 40. Kd3 Nf6 41. Ng3 Kd7 42. Kc3 Ne3 43. Nd6 Nd1+ 44. Kb4 Nf2 45. Nxb7 Nxh3 46. Kb5 Kc7 47. Nd6 Nd7 48. Nf7 Nb8 49. Ne5 Nf2 50. Nf7 Nc6 51. Ne2 Ne4 52. a4 Na7+ 53. Ka6 Nc6 54. a5 Nb8+ 55. Kb5 Nc6 56. a6 Na7+ 57. Ka4 Nc6 58. Kb5 Na7+ 59. Ka5 Nc6+ 60. Kb5 Na7+ 61. Ka5 Nc6+ 62. Kb5 1/2-1/2

[Event "Novosibirsk Region-ch sf"]
[Site "Novosibirsk"]
[Date "2010.10.20"]
[Round "5"]
[White "Vesnin, Vladimir"]
[Black "Faleev, Vasily"]
[Result "1/2-1/2"]
[WhiteElo "1975"]
[BlackElo "1942"]
[PlyCount "117"]
[EventDate "2010.??.??"]
[EventType "swiss"]
[EventRounds "9"]
[EventCountry "RUS"]
[SourceTitle "EXT 2014"]
[Source "ChessBase"]
[SourceDate "2013.11.20"]
[SourceVersion "1"]
[SourceVersionDate "2013.11.20"]
[SourceQuality "1"]

1. e4 e5 2. Nf3 Nc6 3. Bc4 Bc5 4. Nc3 d6 5. d3 Nce7 6. Be3 Bb4 7. Ng5 Nh6 8. Qf3 0-0 9. 0-0 c6 10. a3 Ba5 11. b4 Bc7 12. h3 b6 13. b5 cxb5 14. Nxb5 a6 15. Nxc7 Qxc7 16. Qh5 b5 17. Bb3 Ng6 18. g3 Kh8 19. f4 exf4 20. gxf4 f6 21. f5 Ne5 22. Ne6 Bxe6 23. fxe6 Ng8 24. Kh1 Qc3 25. Rad1 a5 26. a4 bxa4 27. Bxa4 Ne7 28. Rb1 Qc8 29. Rb6 Qc7 30. Rfb1 Rfb8 31. Rxb8+ Rxb8 32. Rxb8+ Qxb8 33. Qe8+ Qxe8 34. Bxe8 N5c6 35. Bc1 Kg8 36. Ba3 Kf8 37. Bd7 Nb4 38. c4 Nxd3 39. Bxd6 Nf2+ 40. Kg2 Nxe4 41. Bc7 Nd2 42. c5 Nc4 43. Kf2 Nd5 44. Bd6+ Ne7 45. Ke2 g6 46. Bb5 Nxd6 47. cxd6 Nf5 48. e7+ Nxe7 49. dxe7+ Kxe7 50. Ke3 Kd6 51. Kd4 f5 52. h4 h6 53. Bd3 a4 54. h5 gxh5 55. Bxf5 a3 56. Bb1 h4 57. Ke4 Ke6 58. Kf3 h5 59. Kg2 1/2-1/2